Свобода объединения на практике: извлеченные уроки (Запись № 113373)

Подробности
000 -МАРКЕР
контрольное поле 01770nam0a2200325 4500
001 - ИДЕНТИФИКАТОР ЗАПИСИ
контрольное поле RU\NLR\bibl\1230583
005 - ИДЕНТИФИКАТОР ВЕРСИИ
контрольное поле 20260407183039.0
010 ## - МЕЖДУНАРОДНЫЙ СТАНДАРТНЫЙ НОМЕР КНИГИ (ISBN)
Номер (ISBN) 978-92-2-419481-8
035 ## - ДРУГИЕ СИСТЕМНЫЕ НОМЕРА
Идентификатор записи (NLR Aleph) 001216859
100 ## - ДАННЫЕ ОБЩЕЙ ОБРАБОТКИ
Данные общей обработки 20080521d2008 |||y0rusy50 ca
101 0# - ЯЗЫК РЕСУРСА
Язык текста, звукозаписи и т.д. русский
102 ## - СТРАНА ПУБЛИКАЦИИ ИЛИ ПРОИЗВОДСТВА
Страна публикации Российская Федерация
105 ## - ПОЛЕ КОДИРОВАННЫХ ДАННЫХ: ТЕКСТОВЫЕ МАТЕРИАЛЫ, МОНОГРАФИЧЕСКИЕ
Кодированные данные о монографическом текстовом документе y |||||||||
200 1# - ЗАГЛАВИЕ И СВЕДЕНИЯ ОБ ОТВЕТСТВЕННОСТИ
Основное заглавие Свобода объединения на практике: извлеченные уроки
Сведения, относящиеся к заглавию глобальный доклад, представленный в соответствии с механизмом реализации Декларации МОТ об основополагающих принципах и правах в сфере труда
-- доклад Генерального директора
Первые сведения об ответственности [Междунар. бюро труда, Женева]
210 ## - ПУБЛИКАЦИЯ, РАСПРОСТРАНЕНИЕ И ДР.
Место издания, распространения и т.д. Женева
Имя издателя, распространителя и т. д. Международное бюро труда
Дата издания, распространения и т.д. 2008
215 ## - ФИЗИЧЕСКАЯ ХАРАКТЕРИСТИКА
Специфическое обозначение материала и объем XVI, 119 с.
Размеры 30
225 1# - СЕРИЯ
Основное заглавие серии Доклад
Сведения об ответственности Междунар. конф. труда, 97-я сессия, 2008
ISSN серии 0251-3730
Обозначение тома I (B)
320 ## - ПРИМЕЧАНИЯ О НАЛИЧИИ В ДОКУМЕНТЕ БИБЛИОГРАФИИ / УКАЗАТЕЛЯ
Текст примечания Библиогр. в подстроч. примеч.
606 1# - НАИМЕНОВАНИЕ ТЕМЫ КАК ПРЕДМЕТ
Наименование темы Трудовые отношения
Формальный подзаголовок Съезды, совещания и т.п.
Тематический подзаголовок Международно-правовое регулирование
Системный номер авторитетной/нормативной записи 2186347
Идентификатор авторитетной/нормативной записи RU\NLR\auth\661314498
686 ## - ИНДЕКСЫ ДРУГИХ КЛАССИФИКАЦИЙ
Индекс У24(0)8я431
686 ## - ИНДЕКСЫ ДРУГИХ КЛАССИФИКАЦИЙ
Индекс Х916.202.1я431
686 ## - ИНДЕКСЫ ДРУГИХ КЛАССИФИКАЦИЙ
Индекс Х916.2я431
711 02 - НАИМЕНОВАНИЕ ОРГАНИЗАЦИИ - АЛЬТЕРНАТИВНАЯ ОТВЕТСТВЕННОСТЬ
Начальный элемент ввода Международное бюро труда
Системный номер авторитетной/нормативной записи 276995
Идентификатор авторитетной/нормативной записи RU\NLR\AUTH\882932
711 02 - НАИМЕНОВАНИЕ ОРГАНИЗАЦИИ - АЛЬТЕРНАТИВНАЯ ОТВЕТСТВЕННОСТЬ
Начальный элемент ввода Международная конференция труда
Структурное подразделение Сессия
Порядковый номер временной организации и / или порядковый номер ее части 97
Место проведения временной организации Женева
Дата проведения временной организации 2008
Системный номер авторитетной/нормативной записи 735671
Идентификатор авторитетной/нормативной записи RU\NLR\AUTH\8810118401
801 #0 - ИСТОЧНИК ЗАПИСИ
Страна Российская Федерация
Организация NLR
Дата составления 20080521
Правила каталогизации RCR
801 #1 - ИСТОЧНИК ЗАПИСИ
Страна Российская Федерация
Организация NLR
Дата составления 20080521
942 ## - ДОПОЛНИТЕЛЬНЫЕ ЭЛЕМЕНТЫ ЗАПИСИ (АБИС)
Тип экземпляра АБИС Книга
980 ## - КОЛЛЕКЦИЯ
Название коллекции Национальная библиография
Экземпляры
Тип экземпляра Дата поступления Источник поступления Стоимость Библиотека постоянного хранения Библиотека текущего хранения Место хранения Шифр хранения Штрих-код Статус экземпляра
Книга 21.05.2008 Зарубежный дар 100.00 РНБ (Московский) РНБ (Московский) Русский книжный фонд: издания с 1957 года 2008-8/1672 2678545